000 00375nam a2200157Ia 4500
008 210210b1949 xxu||||| |||| 00| 0 eng d
041 _aeng
082 _a822/1256
100 _aWAYNE (P) Ed
245 _aPersonal art
260 _aLondon
_bLongmans Green and Company Limited
_c1949
650 _aPersonal
650 _aart
690 _aEnglish Prose
906 _a013438
999 _c132308
_d132308